| 000 | 00687nam a2200205 a 4500 | ||
|---|---|---|---|
| 001 | 000035046 | ||
| 005 | 20200930074053.0 | ||
| 008 | 100624s1969 cu 000 f spa d | ||
| 040 |
_aDO-SdBNP _bspa _cBNPHU |
||
| 082 |
_aAr863.44 _bC827r, 1969 |
||
| 100 | 1 |
_aCortázar, Julio, _d1914-1984 _910688 |
|
| 245 | 1 | 0 |
_aRayuela / _cJulio Cortázar. |
| 260 |
_aBuenos Aires, Argentina : _bCasa de Las Américas, _c1969. |
||
| 300 |
_a155 p. en varias paginaciones ; _c18 cm. |
||
| 490 | 1 |
_aLiteratura latinoamericana _v44 |
|
| 650 | 4 |
_aNovela argentina _93941 |
|
| 650 | 4 |
_aLiteratura argentina _93860 |
|
| 830 | 0 |
_aLiteratura latinoamericana _9500 |
|
| 910 | _aValidado. Control de calidad MFF | ||
| 999 |
_c34537 _d34537 |
||